Essays on the commercialization of Indian agriculture (Record no. 222548)
[ view plain ]
| 000 -LEADER | |
|---|---|
| fixed length control field | 01353nam a22002897a 4500 |
| 005 - DATE AND TIME OF LATEST TRANSACTION | |
| control field | 20220422091705.0 |
| 008 - FIXED-LENGTH DATA ELEMENTS--GENERAL INFORMATION | |
| fixed length control field | 220422b ||||| |||| 00| 0 eng d |
| 020 ## - INTERNATIONAL STANDARD BOOK NUMBER | |
| International Standard Book Number | 195617290 |
| 040 ## - CATALOGING SOURCE | |
| Transcribing agency | Aloy |
| 041 ## - LANGUAGE CODE | |
| Language code of text/sound track or separate title | eng |
| 082 ## - DEWEY DECIMAL CLASSIFICATION NUMBER | |
| Edition number | 23 |
| Classification number | 338.1 |
| Item number | RAJE |
| 100 ## - MAIN ENTRY--PERSONAL NAME | |
| Personal name | K N Raj...[et.al] Ed |
| 100 ## - MAIN ENTRY--PERSONAL NAME | |
| 9 (RLIN) | 30871 |
| 245 ## - TITLE STATEMENT | |
| Title | Essays on the commercialization of Indian agriculture |
| 260 ## - PUBLICATION, DISTRIBUTION, ETC. | |
| Place of publication, distribution, etc. | Madras |
| Name of publisher, distributor, etc. | Oxford University Pres |
| Date of publication, distribution, etc. | 1985 |
| 300 ## - PHYSICAL DESCRIPTION | |
| Extent | xx,354 p. |
| Other physical details | HB |
| Dimensions | 22x14 cm. |
| 365 ## - TRADE PRICE | |
| Source of price type code | Economics |
| 520 ## - SUMMARY, ETC. | |
| Summary, etc. | Of the dozen essays that comprise this volume, three are by prominent Indian economists: K.N. Raj's piece introduces the subject; Krishna Bharadwaj's theoretcial essay summarizes what has been learnt on the process of commercialization; and Amit Bhaduri offers a challenging interpretation of the differences between agricultural commercialization in the eastern and western parts of Uttar Pradesh. Other important contributors include Pradipta Chaudhuri, Sumit Guha, and Chiranjib Sen.<br/> |
| 650 ## - SUBJECT ADDED ENTRY--TOPICAL TERM | |
| Topical term or geographic name entry element | Land Market and Tenancy |
| 9 (RLIN) | 30863 |
| 650 ## - SUBJECT ADDED ENTRY--TOPICAL TERM | |
| Topical term or geographic name entry element | Agriculture Labour and Production |
| 9 (RLIN) | 30864 |
| 650 ## - SUBJECT ADDED ENTRY--TOPICAL TERM | |
| Topical term or geographic name entry element | Marketing Structures |
| 9 (RLIN) | 30865 |
| 650 ## - SUBJECT ADDED ENTRY--TOPICAL TERM | |
| Topical term or geographic name entry element | Tobaco Trading |
| 9 (RLIN) | 30866 |
| 700 ## - ADDED ENTRY--PERSONAL NAME | |
| Personal name | RAJ (K N) Ed |
| 9 (RLIN) | 30867 |
| 700 ## - ADDED ENTRY--PERSONAL NAME | |
| Personal name | BHATTACHARYA (Nelladri) Ed |
| 9 (RLIN) | 30868 |
| 700 ## - ADDED ENTRY--PERSONAL NAME | |
| Personal name | GUHA (Sumit) Ed |
| 9 (RLIN) | 30869 |
| 700 ## - ADDED ENTRY--PERSONAL NAME | |
| Personal name | PADHI (Sakti) Ed |
| 9 (RLIN) | 30870 |
| 942 ## - ADDED ENTRY ELEMENTS (KOHA) | |
| Source of classification or shelving scheme | Dewey Decimal Classification |
| Koha item type | George Fernandes Collections |
| Withdrawn status | Lost status | Source of classification or shelving scheme | Damaged status | Not for loan | Collection code | Home library | Current library | Date acquired | Total Checkouts | Full call number | Barcode | Date last seen | Price effective from | Koha item type |
|---|---|---|---|---|---|---|---|---|---|---|---|---|---|---|
| Dewey Decimal Classification | Economics | St Aloysius Library | St Aloysius Library | 03/24/2013 | 338.1 RAJE | GF03064 | 04/22/2022 | 04/22/2022 | George Fernandes Collections |